Jövedelmező portfólióépítés a CIB Bank Zrt. ügyfelei részére

Bibliographic Details
Main Author: Tóth Bernadett
Other Authors: Tasi Péter
Vaczulik Jolán
Format: Thesis
Kulcsszavak:CIB Bank Zrt.
Portfólióépítés
Befektetés
Online Access:http://dolgozattar.uni-bge.hu/19640

MARC

LEADER 00000nta a2200000 i 4500
001 dolg19640
005 20181215104343.0
008 181215suuuu hu om 000 hun d
040 |a BGE Dolgozattár Repozitórium  |b hun 
041 |a hu 
100 1 |a Tóth Bernadett 
245 1 0 |a Jövedelmező portfólióépítés a CIB Bank Zrt. ügyfelei részére  |c Tóth Bernadett  |h [elektronikus dokumentum] 
695 |a CIB Bank Zrt. 
695 |a Portfólióépítés 
695 |a Befektetés 
700 1 |a Tasi Péter  |e ths 
700 1 |a Vaczulik Jolán  |e ths 
856 4 0 |u http://dolgozattar.uni-bge.hu/19640/1/dolgozatt%C3%A1r.pdf  |z Dokumentum-elérés 
856 4 0 |u http://dolgozattar.uni-bge.hu/19640/2/titkos%C3%ADt%C3%A1sik%C3%A9relem.jpg  |z Dokumentum-elérés